| 000 | 01081nam a2200325 a 4500 | ||
|---|---|---|---|
| 001 | vtls000135660 | ||
| 003 | NLI | ||
| 005 | 20210601211258.0 | ||
| 008 | 101125s1978 nyua 001 0 eng | ||
| 020 |
_a012299650X : _cUSD 19.00 |
||
| 039 | 9 |
_y201011251441 _zVLOAD |
|
| 040 | 0 |
_aNLI _beng _cEntertech-FY 2010 _eAACR2 |
|
| 041 | 0 | _aeng | |
| 044 | _anyu | ||
| 082 | 0 | 4 | _a001.424 |
| 100 | 1 |
_aGreenberg, Michael R. _952145 |
|
| 245 | 1 | 0 |
_aApplied linear programming for the socioeconomic and environmental sciences / _cMichael R. Greenberg |
| 260 |
_aNew York : _bAcademic Press, _c1978 |
||
| 300 |
_axv, 327 p. : _bill. ; _c24 cm. |
||
| 440 | 0 |
_aOperations research and industrial engineering series _9275489 |
|
| 500 | _aIncludes index | ||
| 650 | 0 |
_aLinear programming _945441 |
|
| 650 | 0 |
_aSocial sciences _xLinear programming _9275490 |
|
| 650 | 0 |
_aEnvironmental sciences _xLinear programming _9275491 |
|
| 887 | _a | ||
| 901 |
_a450725 _b3.4.1979 |
||
| 902 | _aE 001.424 G 829 | ||
| 949 |
_AVIRTUAITEM _D10000 _X100 _6PUR000450725ENG |
||
| 942 |
_2ddc _cBKS |
||
| 999 |
_aVIRTUA40 _c141011 _d141011 |
||